<?xml version="1.0" encoding="UTF-8"?>
<record
    xmlns:xsi="http://www.w3.org/2001/XMLSchema-instance"
    xsi:schemaLocation="http://www.loc.gov/MARC21/slim http://www.loc.gov/standards/marcxml/schema/MARC21slim.xsd"
    xmlns="http://www.loc.gov/MARC21/slim">

  <leader>00380nam a22001577a 4500</leader>
  <controlfield tag="003">SGT</controlfield>
  <datafield tag="082" ind1=" " ind2=" ">
    <subfield code="a">611</subfield>
    <subfield code="b">W25S</subfield>
  </datafield>
  <datafield tag="100" ind1=" " ind2=" ">
    <subfield code="a">SONTAKKE, YOGESH</subfield>
  </datafield>
  <datafield tag="245" ind1=" " ind2=" ">
    <subfield code="a">WORKBOOK OF ANATOMY : UPPER LIMB THORAX VOL-1</subfield>
  </datafield>
  <datafield tag="250" ind1=" " ind2=" ">
    <subfield code="a">1ST</subfield>
  </datafield>
  <datafield tag="260" ind1=" " ind2=" ">
    <subfield code="a">INDIA </subfield>
    <subfield code="b">CBS PUB </subfield>
    <subfield code="c">2025</subfield>
  </datafield>
  <datafield tag="300" ind1=" " ind2=" ">
    <subfield code="a">77</subfield>
  </datafield>
  <datafield tag="650" ind1=" " ind2=" ">
    <subfield code="a">HUMAN ANATOMY</subfield>
  </datafield>
  <datafield tag="653" ind1=" " ind2=" ">
    <subfield code="a">WORKBOOK OF ANATOMY : UPPER LIMB THORAX</subfield>
  </datafield>
  <datafield tag="942" ind1=" " ind2=" ">
    <subfield code="2">ddc</subfield>
    <subfield code="c">BK</subfield>
  </datafield>
  <datafield tag="952" ind1=" " ind2=" ">
    <subfield code="0">0</subfield>
    <subfield code="1">0</subfield>
    <subfield code="2">ddc</subfield>
    <subfield code="4">0</subfield>
    <subfield code="7">1</subfield>
    <subfield code="8">MEDICAL</subfield>
    <subfield code="a">FM</subfield>
    <subfield code="b">FM</subfield>
    <subfield code="c">TXT</subfield>
    <subfield code="d">2025-02-11</subfield>
    <subfield code="e">ABC DELHI</subfield>
    <subfield code="g">0.00</subfield>
    <subfield code="h">VOL-1</subfield>
    <subfield code="i">SGTU</subfield>
    <subfield code="o">611 W25S</subfield>
    <subfield code="p">FM15081</subfield>
    <subfield code="r">2025-04-09 00:00:00</subfield>
    <subfield code="w">2025-02-11</subfield>
    <subfield code="y">BK</subfield>
    <subfield code="k">20461</subfield>
  </datafield>
  <datafield tag="952" ind1=" " ind2=" ">
    <subfield code="0">0</subfield>
    <subfield code="1">0</subfield>
    <subfield code="2">ddc</subfield>
    <subfield code="4">0</subfield>
    <subfield code="7">0</subfield>
    <subfield code="8">MEDICAL</subfield>
    <subfield code="a">FM</subfield>
    <subfield code="b">FM</subfield>
    <subfield code="c">TXT</subfield>
    <subfield code="d">2025-02-11</subfield>
    <subfield code="e">ABC DELHI</subfield>
    <subfield code="g">0.00</subfield>
    <subfield code="h">VOL-1</subfield>
    <subfield code="i">SGTU</subfield>
    <subfield code="l">0</subfield>
    <subfield code="o">611 W25S</subfield>
    <subfield code="p">FM15082</subfield>
    <subfield code="r">2025-04-09 00:00:00</subfield>
    <subfield code="w">2025-02-11</subfield>
    <subfield code="y">BK</subfield>
    <subfield code="k">20461</subfield>
  </datafield>
  <datafield tag="952" ind1=" " ind2=" ">
    <subfield code="0">0</subfield>
    <subfield code="1">0</subfield>
    <subfield code="2">ddc</subfield>
    <subfield code="4">0</subfield>
    <subfield code="7">0</subfield>
    <subfield code="8">MEDICAL</subfield>
    <subfield code="a">FM</subfield>
    <subfield code="b">FM</subfield>
    <subfield code="c">TXT</subfield>
    <subfield code="d">2025-02-11</subfield>
    <subfield code="e">ABC DELHI</subfield>
    <subfield code="g">0.00</subfield>
    <subfield code="h">VOL-1</subfield>
    <subfield code="i">SGTU</subfield>
    <subfield code="l">0</subfield>
    <subfield code="o">611 W25S</subfield>
    <subfield code="p">FM15083</subfield>
    <subfield code="r">2025-04-09 00:00:00</subfield>
    <subfield code="w">2025-02-11</subfield>
    <subfield code="y">BK</subfield>
    <subfield code="k">20461</subfield>
  </datafield>
  <datafield tag="952" ind1=" " ind2=" ">
    <subfield code="0">0</subfield>
    <subfield code="1">0</subfield>
    <subfield code="2">ddc</subfield>
    <subfield code="4">0</subfield>
    <subfield code="7">0</subfield>
    <subfield code="8">MEDICAL</subfield>
    <subfield code="a">FM</subfield>
    <subfield code="b">FM</subfield>
    <subfield code="c">TXT</subfield>
    <subfield code="d">2025-02-11</subfield>
    <subfield code="e">ABC DELHI</subfield>
    <subfield code="g">0.00</subfield>
    <subfield code="h">VOL-1</subfield>
    <subfield code="i">SGTU</subfield>
    <subfield code="l">1</subfield>
    <subfield code="o">611 W25S</subfield>
    <subfield code="p">FM15084</subfield>
    <subfield code="r">2026-01-06 00:00:00</subfield>
    <subfield code="s">2025-11-24</subfield>
    <subfield code="w">2025-02-11</subfield>
    <subfield code="y">BK</subfield>
    <subfield code="k">20461</subfield>
  </datafield>
  <datafield tag="952" ind1=" " ind2=" ">
    <subfield code="0">0</subfield>
    <subfield code="1">0</subfield>
    <subfield code="2">ddc</subfield>
    <subfield code="4">0</subfield>
    <subfield code="7">0</subfield>
    <subfield code="8">MEDICAL</subfield>
    <subfield code="a">FM</subfield>
    <subfield code="b">FM</subfield>
    <subfield code="c">TXT</subfield>
    <subfield code="d">2025-02-11</subfield>
    <subfield code="e">ABC DELHI</subfield>
    <subfield code="g">0.00</subfield>
    <subfield code="h">VOL-1</subfield>
    <subfield code="i">SGTU</subfield>
    <subfield code="l">0</subfield>
    <subfield code="o">611 W25S</subfield>
    <subfield code="p">FM15085</subfield>
    <subfield code="r">2025-04-09 00:00:00</subfield>
    <subfield code="w">2025-02-11</subfield>
    <subfield code="y">BK</subfield>
    <subfield code="k">20461</subfield>
  </datafield>
  <datafield tag="999" ind1=" " ind2=" ">
    <subfield code="c">30806</subfield>
    <subfield code="d">30806</subfield>
  </datafield>
</record>
